000 01173nam a2200277 i 4500
001 184085
003 ES-MaACL
005 20251001203308.0
008 150312s1970 sp |||| | spa d
080 _a26:262.5 Vat.II
111 2 _aConcilio Vaticano (
_n2º.
_d1962-1965)
_9122
245 1 3 _aLa Iglesia en el mundo de hoy
_b: Constitución pastoral "Gaudium et Spes" /
_c[obra colectiva publicada bajo la dirección de Y.M.-J. Congar y M. Peuchmaurd].
246 3 _aGaudium et Spes
260 _aMadrid :
_bTaurus,
_c[1970]
300 _a3 v. ;
_c22 cm.
490 1 _aVaticano II ;
_v5-7
505 8 _aContiene: I ;
_tHistoria de los textos /
_rpor Mons. Philippe Delhaye(
_g. Texto latino y traducción castellana)(
_g, 316 p. - II) ;
_tComentarios(
_g, 778 p. - III) ;
_tReflexiones y perspectivas(
_g, 260 p.)
594 _aMención de responsabilidad tomada de los v. 2 y 3.
650 1 7 _aIglesia y mundo.
_9136257
700 1 _aCongar, Yves,
_d1904-1995
_940170
700 1 _aPeuchmaurd, M.
_cO.P.
_9156550
700 1 _aDelhaye, Philippe.
_943501
830 0 _aVaticano II ;
_v5-7
_9192023
852 _aES-MaACL
_jE-15478-80
999 _c184085
_d184085